| 000 | 01904nam a2200373 a 4500 | ||
|---|---|---|---|
| 001 | ebr10493514 | ||
| 003 | CaPaEBR | ||
| 006 | m u | ||
| 007 | cr cn||||||||| | ||
| 008 | 110120s2011 njua sb 001 0 eng d | ||
| 010 | _z 2011001504 | ||
| 020 | _z9814335177 | ||
| 020 | _z9789814335171 | ||
| 020 | _z9789814335188 (e-book) | ||
| 040 |
_aCaPaEBR _cCaPaEBR |
||
| 035 | _a(OCoLC)754792813 | ||
| 050 | 1 | 4 |
_aHV6768 _b.G6848 2011eb |
| 082 | 0 | 4 |
_a658.4/7 _222 |
| 100 | 1 |
_aGottschalk, Petter, _d1950- |
|
| 245 | 1 | 0 |
_aCorporate social responsibility, governance and corporate reputation _h[electronic resource] / _cPetter Gottschalk. |
| 260 |
_aHackensack, N.J. : _bWorld Scientific, _cc2011. |
||
| 300 |
_ax, 199 p. : _bill. |
||
| 504 | _aIncludes bibliographical references and index. | ||
| 520 | _a"Expounds on the nature of white-collar crime and examines its relationship with corporate social responsibility, governance and corporate reputation. Presents different approaches for repairing damaged corporate reputations; explains how internal governance and investigations can be conducted. Discusses stages in corporate social responsibility and underscores knowledge management as an imperative tool to combat white-collar crime and build corporate reputation"--Provided by publisher. | ||
| 533 |
_aElectronic reproduction. _bPalo Alto, Calif. : _cebrary, _d2011. _nAvailable via World Wide Web. _nAccess may be limited to ebrary affiliated libraries. |
||
| 650 | 0 |
_aCorporations _xCorrupt practices. |
|
| 650 | 0 | _aWhite collar crimes. | |
| 650 | 0 | _aSocial responsibility of business. | |
| 650 | 0 | _aCorporate governance. | |
| 650 | 0 |
_aCorporations _xPublic relations. |
|
| 655 | 7 |
_aElectronic books. _2local |
|
| 710 | 2 | _aebrary, Inc. | |
| 856 | 4 | 0 |
_uhttp://site.ebrary.com/lib/rucke/Doc?id=10493514 _zAn electronic book accessible through the World Wide Web; click to view |
| 999 |
_c126822 _d126822 |
||